000 00693cam a2200217 4500
001 J3307
008 090401t1879 xxu||||| |||| 00| 0 eng d
035 _a(Sirsi) u54271
041 _aeng
100 _aWalker, J.T.
245 _aAccount of the operations of the Great Trigonometric Survey of India. Volume II History and general description of the principal triangulation and of its reduction.
260 _aDehra Dun
_bSurvey of India
_c1879
300 _axxvi,426,318p. : ill. ; 30cm.
350 _a0
650 _aGREAT TRIGONOMETRICALNSURVEY OF INDIA
650 _aSURVEY OF INDIA
690 _aMAPPING
710 _aSurvey of India
_92931
942 _n0
948 _c04/03/1997
999 _c93449
_d93449